ბათუმის შოთა რუსთაველის სახელმწიფო უნივერსიტეტის ბიბლიოთეკა

შვილები.გაგრძელება რომანისა "ეკატერინე ჭავჭავაძე (ბიბ.ჩანაწერი № 48884)

000 -LEADER
fixed length control field 00805nam a2200229Ia 4500
001 - CONTROL NUMBER
control field 15787
003 - CONTROL NUMBER IDENTIFIER
control field GE_BSU
008 - FIXED-LENGTH DATA ELEMENTS--GENERAL INFORMATION
fixed length control field 181216s||||||||xx |||||||||||||| ||und||
040 ## - CATALOGING SOURCE
Transcribing agency GE_BSU
080 ## - UNIVERSAL DECIMAL CLASSIFICATION NUMBER
Universal Decimal Classification number 821.353.1-31
100 ## - MAIN ENTRY--PERSONAL NAME
Personal name ჭილაია, სერგი (1912-1992)
245 ## - TITLE STATEMENT
Title შვილები.გაგრძელება რომანისა "ეკატერინე ჭავჭავაძე
245 ## - TITLE STATEMENT
Remainder of title ქრონიკა
245 ## - TITLE STATEMENT
Statement of responsibility, etc. რედ.: რ. მიშველაძე.მხატვ.ა.ბუაძე
260 ## - PUBLICATION, DISTRIBUTION, ETC.
Place of publication, distribution, etc. თბილისი
260 ## - PUBLICATION, DISTRIBUTION, ETC.
Name of publisher, distributor, etc. თბილ. უნ-ტის გამ-ბა
260 ## - PUBLICATION, DISTRIBUTION, ETC.
Date of publication, distribution, etc. 1992
300 ## - PHYSICAL DESCRIPTION
Extent 320 გვ. ; 20 სმ
653 ## - INDEX TERM--UNCONTROLLED
Uncontrolled term ქრონიკა
653 ## - INDEX TERM--UNCONTROLLED
Uncontrolled term შვილები
942 ## - ADDED ENTRY ELEMENTS (KOHA)
Koha item type წიგნი
ეგზემპლარები
Withdrawn status Lost status Damaged status Not for loan Date acquired Barcode Date last seen Price effective from Koha item type
        2018-12-17 39254 2018-12-17 2018-12-17 წიგნი
        2018-12-17 39255 2018-12-17 2018-12-17 წიგნი